Statistics for Most popular Polish names - their English versions (if exist)

Click here to take the quiz!

General Stats

  • This quiz has been taken 29 times
  • The average score is 13 of 36

Answer Stats

Answer% Correct
Anna
75%
James
67%
John
67%
Maria
58%
Paul
58%
Julia
54%
Catherine
50%
Amelia
46%
Christopher
46%
Peter
46%
Sophie
42%
Andrew
38%
Hannah
38%
Martin
38%
Michael
38%
Thomas
38%
Elizabeth
33%
Leon
33%
Susan
33%
Alexander
29%
Anthony
29%
Eve
29%
Laura
29%
Margaret
29%
Maya
29%
Agnes
25%
Alice
25%
Christina
25%
Olivia
21%
Simon
21%
Lena
17%
Nicholas
17%
Philip
17%
Barbara
13%
Francis
13%
Caspar
4%

Score Distribution

Percentile by Number Answered

Percent of People with Each Score

Your Score History

You have not taken this quiz